000 01742cam a2200445 a 4500
999 _c17672
_d17644
001 12393412
003 EG-ScBUE
005 20210221103817.0
008 010427r20112002nyu f 000 f eng d
020 _a0143120263
020 _a9780143120261
040 _aEG-ScBUE
_beng
_erda
_cEG-ScBUE
_dEG-ScBUE
043 _an-us-sc
082 0 4 _a813.54
_bKID
_222
100 1 _aKidd, Sue Monk,
_eauthor.
_934189
245 1 4 _aThe secret life of bees /
_cSue Monk Kidd.
246 3 4 _aSecret life of bees :
_ba novel
250 _aTenth-anniversary edition.
264 1 _aNew York, USA :
_bPenguin Books,
_c2011.
300 _axii, 302 pages ;
_c23 cm
336 _2rdacontent
_atext
_btxt
337 _2rdamedia
_aunmediated
_bn
338 _2rdacarrier
_avolume
_bnc
500 _aFirst published: New York : Viking, 2002.
500 _aWith a new introduction by the author.
650 7 _aTeenage girls
_vFiction.
_2BUEsh
_934190
650 7 _aAfrican American women
_vFiction.
_2BUEsh
_921390
650 7 _aMaternal deprivation
_vFiction.
_2BUEsh
_934191
650 7 _aRace relations
_vFiction.
_2BUEsh
_934192
650 7 _aBeekeepers
_vFiction.
_2BUEsh
_934193
650 7 _aSisters
_vFiction.
_2BUEsh
_934194
651 7 _aSouth Carolina
_vFiction.
_2BUEsh
_934195
653 _cOctober2013
_bHHUUEENN
655 7 _aBildungsromans.
_2gsafd
_vReading book
655 7 _aDomestic fiction.
_2lcsh
_vReading book
856 4 1 _3Sample text
_uhttp://www.loc.gov/catdir/enhancements/fy0719/2001026310-s.html
856 4 2 _3Contributor biographical information
_uhttp://www.loc.gov/catdir/enhancements/fy0719/2001026310-b.html
856 4 2 _3Publisher description
_uhttp://www.loc.gov/catdir/enhancements/fy0719/2001026310-d.html
942 _2ddc
_cBB